[Event "Veneto Region-ch"]
[Site "Arqua Petrarca"]
[Date "2006.05.13"]
[Round "4"]
[White "Santacaterina, Pietro"]
[Black "De Marchi, Alessandro"]
[Result "1/2-1/2"]
[WhiteElo "1598"]
[BlackElo "1600"]
[PlyCount "58"]
[EventDate "2006.05.06"]
[EventType "swiss"]
[EventRounds "6"]
[EventCountry "ITA"]
[SourceTitle "EXT 2011"]
[Source "ChessBase"]
[SourceDate "2010.11.26"]
[SourceVersion "1"]
[SourceVersionDate "2010.11.26"]
[SourceQuality "1"]

1. d4 Nf6 2. Bg5 h6 3. Bxf6 exf6 4. c4 Bb4+ 5. Nc3 0-0 6. e3 d5 7. Qb3 Bxc3+ 8. Qxc3 c6 9. Bd3 Re8 10. Ne2 f5 11. 0-0 g6 12. cxd5 cxd5 13. Rac1 Nc6 14. b4 Be6 15. Qb3 Qb6 16. a3 a5 17. Rc5 axb4 18. Rb5 Qa7 19. axb4 Qa3 20. Qb1 Ra4 21. Rxb7 Rxb4 22. Rxb4 Nxb4 23. Nf4 Rc8 24. h4 g5 25. hxg5 hxg5 26. Nxe6 fxe6 27. Rd1 Nxd3 28. Qxd3 Qxd3 29. Rxd3 Kg7 1/2-1/2

[Event "Veneto Region-ch"]
[Site "Arqua Petrarca"]
[Date "2006.05.07"]
[Round "2"]
[White "Santacaterina, Pietro"]
[Black "Ravagnani, Tiziano"]
[Result "1/2-1/2"]
[WhiteElo "1598"]
[BlackElo "2055"]
[PlyCount "66"]
[EventDate "2006.05.06"]
[EventType "swiss"]
[EventRounds "6"]
[EventCountry "ITA"]
[SourceTitle "EXT 2011"]
[Source "ChessBase"]
[SourceDate "2010.11.26"]
[SourceVersion "1"]
[SourceVersionDate "2010.11.26"]
[SourceQuality "1"]

1. d4 Nf6 2. Bg5 e6 3. c4 Bb4+ 4. Nc3 h6 5. Bh4 c5 6. a3 Bxc3+ 7. bxc3 Qa5 8. Qd3 cxd4 9. Bxf6 gxf6 10. Qxd4 Nc6 11. Qd2 b6 12. Nf3 Ba6 13. e4 Qc5 14. Rd1 0-0-0 15. Be2 Bxc4 16. 0-0 d5 17. Qc2 Bxe2 18. Qxe2 Qc4 19. Rd3 b5 20. Nd2 Qa2 21. exd5 Rxd5 22. Rxd5 Qxd5 23. c4 bxc4 24. Nxc4 Rg8 25. Ne3 Qe4 26. Rc1 Rxg2+ 27. Kf1 Rxh2 28. Qa6+ Kc7 29. Qxa7+ Kc8 30. Qa8+ Kc7 31. Qa7+ Kc8 32. Qa6+ Kc7 33. Qa7+ Kc8 1/2-1/2